000 00391nam a22001697a 4500
003 MPLRDC
005 20220104114516.0
008 210129b ||||| |||| 00| 0 eng d
082 _a868.71 HQL
100 _a何启良
245 _a另一种琵琶
_c
260 _a
_b人间出版社
_c
300 _b
490 _a人间丛书. 4
650 _a马华文学
942 _cBK
_o868.71 HQL
999 _c8030
_d8020